Nuevas normas laborales : (Record no. 112951)

MARC details
000 -LEADER
campo de control de longitud fija 01071nam a2200301 i 4500
001 - NÚMERO DE CONTROL
campo de control 112951
003 - IDENTIFICADOR DE NÚMERO DE CONTROL
campo de control ES-MaACL
005 - FECHA Y HORA DE LA ÚLTIMA TRANSACCIÓN
campo de control 20250828063251.0
007 - CAMPO FIJO DE DESCRIPCIÓN FÍSICA--INFORMACIÓN GENERAL
campo de control de longitud fija t|
008 - DATOS DE LONGITUD FIJA--INFORMACIÓN GENERAL
campo de control de longitud fija 061121e1981 sp |rl 00110 spa
017 ## - NÚMERO DE COPYRIGHT O DE DEPÓSITO LEGAL
Número de copyright o de depósito legal M 34552-1981
Agencia que asigna Oficina Depósito Legal Madrid
020 ## - NÚMERO INTERNACIONAL ESTÁNDAR DEL LIBRO
Número Internacional Estándar del Libro 84-7130-337-X
080 ## - NÚMERO DE LA CLASIFICACIÓN DECIMAL UNIVERSAL
Número de la Clasificación Decimal Universal 351.83(46)"19"(094.5)
110 1# - ENTRADA PRINCIPAL--NOMBRE DE ENTIDAD CORPORATIVA
Nombre de entidad corporativa o nombre de jurisdicción como elemento de entrada España
9 (RLIN) 3622
245 00 - MENCIÓN DEL TÍTULO
Título Nuevas normas laborales :
Resto del título selección y notas de Efrén Borrajo Dacruz
260 ## - PUBLICACIÓN, DISTRIBUCIÓN, ETC.
Lugar de publicación, distribución, etc. Madrid :
Nombre del editor, distribuidor, etc. Editoriales de Derecho Reunidas,
Fecha de publicación, distribución, etc. 1981
300 ## - DESCRIPCIÓN FÍSICA
Extensión XX, 615 p. ;
Dimensiones 19 cm
490 1# - MENCIÓN DE SERIE
Mención de serie Serie Textos legales
RLIN 242114
594 ## - Nota al título y mención de responsabilidad
Nota al título y mención de responsabilidad Precede al título: Departamento de Derecho del Trabajo. Facultad de Ciencias Económicas y Empresariales (UCM)
650 #4 - PUNTO DE ACCESO ADICIONAL DE MATERIA--TÉRMINO DE MATERIA
Término de materia o nombre geográfico como elemento de entrada Derecho laboral-
Subdivisión geográfica España
9 (RLIN) 11726
655 #4 - TERMINO DE INDIZACIÓN--GENERO/FORMA
Datos o término principal de género/forma Legislación
9 (RLIN) 226283
700 1# - ENTRADA AGREGADA--NOMBRE PERSONAL
Nombre de persona Borrajo Dacruz, Efrén,
Fechas asociadas al nombre 1928-2022
Término indicativo de función/relación Editor literario
-- Anotador
9 (RLIN) 30547
830 #0 - PUNTO DE ACCESO ADICIONAL DE SERIE-TÍTULO UNIFORME
9 (RLIN) 242114
Título uniforme Serie Textos legales
852 4# - LOCALIZACIÓN
Ubicación ES-MaACL
Sublocalización o colección R.102292
Ubicación en estantería Depósito 2
Número de control de estantería L-1693
942 ## - ELEMENTOS DE ENTRADA SECUNDARIOS (KOHA)
Fuente del sistema de clasificación o colocación Clasificación decimal universal
Tipo de ítem Koha Libro impreso
Suprimir en OPAC No
Holdings
Estatus retirado Estado de pérdida Estado de daño No para préstamo Biblioteca de origen Biblioteca actual Ubicación en estantería Fecha de adquisición Fuente de adquisición Total de préstamos Signatura topográfica completa Código de barras Visto por última vez Precio de reemplazo Tipo de ítem Koha
        Biblioteca del Ateneo de Madrid Biblioteca del Ateneo de Madrid Depósito 2 17/01/2008     L-1693 1117818 23/02/2023 23/02/2023 Libro impreso